The 9 Biggest Countries by Geographic Region - Statistics

General Stats
  • This quiz has been taken 71 times
    38 since last reset
  • The average score is 8 of 9
Answer Stats
Hint Answer % Correct
Biggest Country in North America Canada
100%
Biggest Country in Europe Russia
94%
Biggest Country in South America Brazil
91%
Biggest Country in the Caribbean Cuba
91%
Biggest Country in Asia China
88%
Biggest Country in Africa Algeria
82%
Biggest Country in Oceania Australia
82%
Biggest Country in Central America Nicaragua
82%
Biggest Country in the Middle East Saudi Arabia
76%
No matching quizzes found
Score Distribution
Percent of People with Each Score
Percentile by Number Answered
Your Score History
You have not taken this quiz since the last reset